000 00515ntaaa2200181 4500
003 01
005 20251027202243.0
008 0714s1973 ag 01
040 _aAR-BaBN
_bspa
_cAR-BaBN
_eaacr
_dRIC
082 _a268.4000 C91
245 _aCuaderno de registro para una clase de la escuela dominical
250 _a1 ed.
260 _aEl Paso :
_bCasa Bautista de Publicaciones,
_cs.f.
300 _a32 p
500 _aBasado en el sistema de los seis requisitos
650 _aescuela dominical
_94648
942 _cBK
999 _c17310
_d17310